Statistics for Countries that end with -ia

Click here to take the quiz!

General Stats

  • This quiz has been taken 41 times
  • The average score is 28 of 39

Answer Stats

Countries% Correct
18Latvia
87%
2Algeria
84%
29Russia
84%
20Lithuania
82%
4Australia
79%
5Austria
79%
25Mongolia
79%
3Armenia
76%
9Colombia
76%
12Estonia
76%
28Romania
76%
34Slovenia
76%
39Zambia
76%
6Bolivia
74%
7Bulgaria
74%
10Croatia
74%
16India
74%
27Nigeria
74%
32Serbia
74%
33Slovakia
74%
35Somalia
74%
1Albania
71%
8Cambodia
71%
19Liberia
71%
37Tanzania
71%
13Ethiopia
68%
17Indonesia
68%
23Malaysia
68%
31Saudi Arabia
68%
14Gambia
66%
26Namibia
66%
38Tunisia
66%
22Mauritania
63%
36Syria
61%
15Georgia
58%
30Saint Lucia
55%
21Macedonia
53%
11Czechia
45%
24Micronesia
45%

Score Distribution

Percentile by Number Answered

Percent of People with Each Score

Your Score History

You have not taken this quiz